LIBRARY & INFORMATION CENTRE, KCAET, TAVANUR

ONLINE PUBLIC ACCESS CATALOGUE (OPAC)

Management of water resources in agriculture (Record no. 17704)

MARC details
000 -LEADER
fixed length control field 00367nam a22001457a 4500
003 - CONTROL NUMBER IDENTIFIER
control field OSt
008 - FIXED-LENGTH DATA ELEMENTS--GENERAL INFORMATION
fixed length control field 230522b |||||||| |||| 00| 0 eng d
041 ## - LANGUAGE CODE
Language code of text/sound track or separate title eng
082 ## - DEWEY DECIMAL CLASSIFICATION NUMBER
Classification number 631.587
Item number SRE/MA
100 ## - MAIN ENTRY--AUTHOR NAME
Personal name Sre Ramulu, U.S
245 ## - TITLE STATEMENT
Title Management of water resources in agriculture
260 ## - PUBLICATION, DISTRIBUTION, ETC. (IMPRINT)
Place of publication New delhi
Year of publication 2005
300 ## - PHYSICAL DESCRIPTION
Number of Pages 158
942 ## - ADDED ENTRY ELEMENTS (KOHA)
Koha item type Books
260 ## - PUBLICATION, DISTRIBUTION, ETC. (IMPRINT)
-- New age publication
Holdings
Withdrawn status Lost status Damaged status Collection code Home library Current library Shelving location Date acquired Source of acquisition Cost, normal purchase price Full call number Accession Number Koha item type
      General Books KAUAET KAUAET General Stacks 25/03/2023 eedeeyou 175.00 631.587 SRE/MA 26193 Books
      General Books KAUAET KAUAET Scheme 25/03/2023 eedeeyou 175.00 631.587 SRE/MA BB 664 Book Bank scheme for SC students
free website counter